Advanced Microprocessor and Interfacing (Record no. 786)
[ view plain ]
| 000 -LEADER | |
|---|---|
| fixed length control field | 00382nam a2200157Ia 4500 |
| 003 - CONTROL NUMBER IDENTIFIER | |
| control field | OSt |
| 008 - FIXED-LENGTH DATA ELEMENTS--GENERAL INFORMATION | |
| fixed length control field | 191201s2005 xx 000 0 und d |
| 082 ## - DEWEY DECIMAL CLASSIFICATION NUMBER | |
| Classification number | 005.26 |
| Item number | RAA |
| 100 ## - MAIN ENTRY--PERSONAL NAME | |
| Personal name | RAM, Badri |
| 245 #0 - TITLE STATEMENT | |
| Title | Advanced Microprocessor and Interfacing |
| 250 ## - EDITION STATEMENT | |
| Edition statement | 8th Rep |
| 260 ## - PUBLICATION, DISTRIBUTION, ETC. (IMPRINT) | |
| Place of publication, distribution, etc | N.Delhi |
| Name of publisher, distributor, etc | Tata MC Grawhill pubg. co. Ltd |
| Date of publication, distribution, etc | 2005 |
| 300 ## - PHYSICAL DESCRIPTION | |
| Extent | 388 |
| 650 ## - SUBJECT ADDED ENTRY--TOPICAL TERM | |
| Topical term or geographic name as entry element | CSE |
| 942 ## - ADDED ENTRY ELEMENTS (KOHA) | |
| Source of classification or shelving scheme | Dewey Decimal Classification |
| Koha item type | Text Books |
| Withdrawn status | Lost status | Source of classification or shelving scheme | Damaged status | Not for loan | Collection code | Home library | Current library | Date acquired | Source of acquisition | Cost, normal purchase price | Bill Number | Total Checkouts | Full call number | Acc. no. / Barcode | Date last seen | Bill Date | Koha item type | Date last borrowed | Actual Cost, discounted price |
|---|---|---|---|---|---|---|---|---|---|---|---|---|---|---|---|---|---|---|---|
| Dewey Decimal Classification | B.Tech(CSE) | PIET C-LIBRARY | PIET C-LIBRARY | 05/08/2006 | M/s UBS Publishers, New Delhi | 160.00 | 125420 | 005.26 RAA | 47 | 04/12/2019 | 18/08/2005 | Text Books | |||||||
| Dewey Decimal Classification | B.Tech(CSE) | PIET C-LIBRARY | PIET C-LIBRARY | 05/08/2006 | M/s UBS Publishers, New Delhi | 160.00 | 125420 | 2 | 005.26 RAA | 48 | 16/01/2025 | 18/08/2005 | Text Books | 16/01/2025 | |||||
| Dewey Decimal Classification | B.Tech(CSE) | PIET C-LIBRARY | PIET C-LIBRARY | 05/08/2006 | M/s UBS Publishers, New Delhi | 160.00 | 125420 | 1 | 005.26 RAA | 49 | 17/02/2023 | 18/08/2005 | Text Books | 14/02/2023 | |||||
| Dewey Decimal Classification | B.Tech(CSE) | PIET C-LIBRARY | PIET C-LIBRARY | 05/08/2006 | M/s UBS Publishers, New Delhi | 160.00 | 125420 | 1 | 005.26 RAA | 50 | 06/05/2026 | 18/08/2005 | Text Books | 04/12/2025 | |||||
| Dewey Decimal Classification | B.Tech(CSE) | PIET C-LIBRARY | PIET C-LIBRARY | 09/05/2013 | IBH, New Delhi | 350.00 | 1021 | 005.26 RAA | 21940 | 04/12/2019 | 06/05/2013 | Text Books | |||||||
| Dewey Decimal Classification | B.Tech(CSE) | PIET C-LIBRARY | PIET C-LIBRARY | 09/05/2013 | IBH, New Delhi | 350.00 | 1021 | 005.26 RAA | 21941 | 04/12/2019 | 06/05/2013 | Text Books | |||||||
| Dewey Decimal Classification | B.Tech(CSE) | PIET C-LIBRARY | PIET C-LIBRARY | 09/05/2013 | IBH, New Delhi | 350.00 | 1021 | 3 | 005.26 RAA | 21942 | 04/05/2026 | 06/05/2013 | Text Books | 27/04/2026 | |||||
| Dewey Decimal Classification | B.Tech(CSE) | PIET C-LIBRARY | PIET C-LIBRARY | 09/05/2013 | IBH, New Delhi | 350.00 | 1021 | 1 | 005.26 RAA | 21943 | 10/11/2021 | 06/05/2013 | Text Books | 27/10/2021 | |||||
| Dewey Decimal Classification | B.Tech(CSE) | PIET C-LIBRARY | PIET C-LIBRARY | 09/05/2013 | IBH, New Delhi | 350.00 | 1021 | 1 | 005.26 RAA | 21944 | 31/12/2021 | 06/05/2013 | Text Books | 27/12/2021 | |||||
| Dewey Decimal Classification | B.Tech(CSE) | PIET C-LIBRARY | PIET C-LIBRARY | 26/08/2014 | Orange Books International | 399.00 | 4658 | 1 | 005.26 RAA | 24889 | 25/01/2024 | 16/08/2014 | Text Books | 02/11/2023 | 279.30 |